Perspectives on Trade and Development
Saved in:
| Main Author: | |
|---|---|
| Format: | Book |
| Language: | English |
| Published: |
New York
Harvester Wheatsheaf
1990
|
| Edition: | 1. ed. |
| Tags: |
No Tags, Be the first to tag this record!
|
MARC
| LEADER | 00000nam a2200000 4500 | ||
|---|---|---|---|
| 001 | c038843 | ||
| 005 | 20250606122411.8 | ||
| 041 | 0 | |a eng | |
| 044 | |a US | ||
| 245 | 1 | 0 | |a Perspectives on Trade and Development |c Anne O. Krueger |
| 250 | |a 1. ed. | ||
| 264 | 1 | |a New York |b Harvester Wheatsheaf |c 1990 | |
| 300 | |a 385 s. | ||
| 100 | 1 | |a Krueger, Anne O. | |